00747nam a2200205Ia 4500001002300000003000900023008004100032040002300073041001300096100002100109240005200130245004700182250001500229260002300244300001900267501012400286520008000410700003400490700001700524232-BUL ru jé (21669)IT-MiSPE171229s9999||||xx |||||||||||||| ||und|| aIT-MiSPEcIT-MiSPE aFRANCESE aRudolf Bultmann  aJesus (1926); Jesus Christ and mythology (1958) 0aJésusbMythologie et Démithologisation a1a ed. (v) aParisbSeuilc1968 a254 p. c21 cm aEdizioni San Paolo srl - Piazza Soncino, 5 - 20092 CINISELLO BALSAMO (MI) (non commercial uses only) ® Copyright 2018 aAltri autori: Florence Freyss, Samuel Durand-Gasselin, Paul Ricoeur (pref.) aChristian Payotg(traduzione) aPaul Ricoeur